| 000 | 00887nam a2200373Ia 4500 | ||
|---|---|---|---|
| 001 | UByD001461 | ||
| 003 | AR-LpoUNG | ||
| 005 | 20240916141827.0 | ||
| 008 | 230511s1992||||ag |||||||||||||| ||spa|| | ||
| 020 | _a9500705672 | ||
| 040 |
_aAR-LpoUNG _bspa _cAR-LpoUNG _eaacr |
||
| 041 | 0 | _aspa | |
| 082 | 0 | _a982.04 961roc | |
| 100 | 1 | _aLuna, Félix | |
| 245 | 1 | 0 | _aSoy Roca |
| 250 | _a16ta. ed. | ||
| 260 |
_aBuenos Aires : _bSudamericana, _c1992, |
||
| 300 | _a499 p. | ||
| 648 | 4 | _aSIGLO XIX | |
| 650 | 4 | _aARGENTINA | |
| 650 | 4 | _aHISTORIA | |
| 650 | 4 | _aBIOGRAFIAS | |
| 650 | 4 | _aPOLITICO | |
| 650 | 4 | _aHISTORIA POLITICA | |
| 650 | 4 | _aJEFES DE ESTADO | |
| 650 | 4 | _aASPECTOS POLITICOS | |
| 650 | 4 | _aPOBLACION | |
| 650 | 4 | _aESTADO | |
| 650 | 4 | _aSOCIEDAD | |
| 653 | 0 | _aORDEN POLITICO | |
| 653 | 1 | _aROCA, JULIO ARGENTINO | |
| 905 | _aCJPM1065 | ||
| 942 |
_cLIB _2ddc |
||
| 999 |
_c62893 _d62893 |
||